| 000 | 00830nam a2200301Ia 4500 | ||
|---|---|---|---|
| 008 | 170203s9999 xx 000 0 und d | ||
| 020 | _a9628882724 | ||
| 050 | _a912 | ||
| 050 | _bAl416d 2005 | ||
| 100 | _aAllaby, Michael. | ||
| 245 | _aDeserts and semi-deserts / | ||
| 245 | _cMichael Allaby, Robert Anderson and Ian Crofton. | ||
| 260 | _aSingapore : | ||
| 260 | _bEducational Technologies Ltd. | ||
| 260 | _c2005 | ||
| 300 | _a64 pages : | ||
| 300 | _bcolor illustrations, color maps ; | ||
| 300 | _c29 cm. | ||
| 440 | _aBiomes atlases. | ||
| 650 | _aDesert ecology -- | ||
| 650 | _aDesert ecology. | ||
| 650 | _aDeserts -- | ||
| 650 | _aDeserts. | ||
| 650 | _xJuvenile literature. | ||
| 650 | _xJuvenile literature. | ||
| 700 | _aAnderson, Robert, author. | ||
| 700 | _aCrofton, Ian, Author. | ||
| 999 |
_c305762 _d305762 |
||